Obálka Náhled e-knihy:
Epub
Pro půjčování e-knih musíte být přihlášeni.
Jak si půjčit online?

Popelka – pokračování /

Popelka – pokračování.Popelka se stala královnou, ale její příběh nekončí skleněným střevíčkem ani svatební hostinou. Skutečné zkoušky přicházejí až poté. V okamžiku, kdy je třeba vést lidi, napravovat staré křivdy, stavět mosty mezi těmi, kdo si přestali rozumět, a chránit to, co je křehké.V této n...

Celý popis

Uloženo v:
Hlavní autor: Kostka, Pavel (Autor)
Médium: E-kniha
Jazyk:Czech
Vydáno: Praha : PPKPP, 2026
Tagy:
Žádné tagy
LEADER 01929nam a22002297i 4500
001 313777
007 ta
008 260616s2026 xr ||||| |||| 00| 0 cze d
020 |a 9990004278103 
044 |a xr 
100 1 |a  Kostka, Pavel  |4 aut 
245 1 0 |a Popelka – pokračování /  |c  Kostka, Pavel 
264 1 |a Praha :  |b PPKPP,  |c 2026 
300 |a 1 online zdroj (133 stran) 
336 |a text  |b txt  |2 rdacontent 
337 |a bez média  |b n  |2 rdamedia 
338 |a online zdroj  |b cr  |2 rdacarrier 
520 2 |a Popelka – pokračování.Popelka se stala královnou, ale její příběh nekončí skleněným střevíčkem ani svatební hostinou. Skutečné zkoušky přicházejí až poté. V okamžiku, kdy je třeba vést lidi, napravovat staré křivdy, stavět mosty mezi těmi, kdo si přestali rozumět, a chránit to, co je křehké.V této nové pohádce, inspirované duchem bratří Grimmů, se Popelka vydává na cestu, která není o kouzlech, ale o odvaze, pokoře a moudrosti. Společně s lidmi z království čelí povodním, nemocem, sporům i pýše. Učí se, že spravedlnost není jednorázový čin, ale každodenní rozhodnutí. A že naděje roste tam, kde se lidé dokážou spojit, odpustit si a začít znovu.Popelka – pokračování je příběh o tom, že dobro má mnoho podob, že i malé skutky mění svět a že skutečné království nestojí na koruně, ale na srdcích těch, kdo v něm žijí.Pohádka pro děti i dospělé, kteří věří, že svět může být lepší, když se o to společně pokusíme. 
910 |a RBIT002 
998 |d 427810  |a https://core.palmknihy.cz/api/books/427810/cover?tgnri0  |b https://core.palmknihy.cz/api/books/427810/cover/400?tgnri0  |c https://core.palmknihy.cz/api/books/427810/cover/50?tgnri0  |e   |g 133  |i 9990004278103  |j https://core.palmknihy.cz/api/books/427810/preview.epub  |l   |q 49  |r 1  |s https://www.palmknihy.cz/kniha/427810  |t ebook  |y 2026  |z 1 
999 |d 313775